Catálogo
 En Linea

La violencia física en el derecho penal : (Registro nro. 49883)

Detalles MARC
000 -CABECERA
campo de control de longitud fija 02244nam a22002417a 4500
003 - IDENTIFICADOR DEL NÚMERO DE CONTROL
campo de control DO-SdBNP
005 - FECHA Y HORA DE LA ÚLTIMA TRANSACCIÓN
campo de control 20211020133604.0
007 - CAMPO FIJO DE DESCRIPCIÓN FÍSICA--INFORMACIÓN GENERAL
campo de control de longitud fija ta
008 - DATOS DE LONGITUD FIJA--INFORMACIÓN GENERAL
campo de control de longitud fija 210607b 2006 dr 00| 0 eng d
020 ## - NÚMERO INTERNACIONAL ESTÁNDAR DEL LIBRO
Número Internacional Estándar del Libro 9789993468745
040 ## - FUENTE DE LA CATALOGACIÓN
Centro catalogador/agencia de origen DO-SdBNP
Lengua de catalogación spa
Centro/agencia transcriptor BNPHU
082 #4 - NÚMERO DE LA CLASIFICACIÓN DECIMAL DEWEY
Número de edición 22
100 1# - ENTRADA PRINCIPAL--NOMBRE DE PERSONA
Nombre de persona Hernámdez Mejía, Edgar
9 (RLIN) 78750
245 13 - MENCIÓN DE TÍTULO
Título La violencia física en el derecho penal :
Resto del título golpes y heridas voluntarios, homicidio, asesinato, envenenamiento, infanticidio y la tentativa de éstos /
Mención de responsabilidad, etc. Edgar Hernández Mejía.
260 ## - PUBLICACIÓN, DISTRIBUCIÓN, ETC.
Lugar de publicación, distribución, etc. Santo Domingo :
Nombre del editor, distribuidor, etc. Ediciones Jurídicas Trajano Potentini,
Fecha de publicación, distribución, etc. 2006.
300 ## - DESCRIPCIÓN FÍSICA
Extensión 189 p. ;
Dimensiones 21 cm.
500 ## - NOTA GENERAL
Nota general Incluye datos biográficos del autor en las solapas
504 ## - NOTA DE BIBLIOGRAFÍA, ETC.
Nota de bibliografía, etc. Bibliografía : p. 189
505 2# - NOTA DE CONTENIDO CON FORMATO
Nota de contenido con formato Índice --
Título Palabras de Dr. Edgar Hernández Mejía para esta Edición --
-- Aporte de la Nueva Normativa Procesal Penal
-- Los Delitos de Sangre a la Luz del Código Procesal Penal --
-- Los Delitos de Sangre y las Medidas de Coerción previstas en el Código Procesal Penal --
-- Los Delitos de Sangre. Parte I
-- Estudio Jurídico sobre 28 Modalidades de los Delitos de Sangre. (Sus por qué, cómo y para qué) --
-- Los Delitos de Sangre. Parte II.
-- Exordio --
-- El Caso Paxton --
-- Las Cuatro Nuevas Modalidades de Delitos de Sangre --
-- Los Agresivos Compulsivos --
-- Los Horrorizados Violentos --
-- Los Eliminadores de Pruebas --
-- Los Codiciosos hasta la Rojez --
-- Los Delitos de Sangre. Parte III
-- Introito --
-- Los Tres Nuevos Grupos de Autores de Delitos de Sangre -- <br/>
-- Los Atacantes que Procuran Repudio Simbólico --
-- Los Autores de Violencia como Maniobras de Distracción --
-- Los Sangrientos Saboteadores --
-- La interpretación de las evidencias físicas extraídas de la escena del crimen --
-- Los Delitos por Omisión o Inacción -- <br/>
-- Etapas de la Actividad Criminal y la Punibilidad -- <br/>
-- Delitos de Sangre y Necroscopia --<br/>
-- Las Órdenes Judiciales de Protección en favor de personas que podrían ser víctimas de Delito de Sangre --
-- La Victimología; b) El Cuadro General Imputador; c) Los Errores Judiciales; d) Sobre la Seriedad de los Indicios; y e) El Buen Sentido de la Apreciación Penal .
590 ## - NOTA LOCAL (RLIN)
Nota local Inventariado, 2021 /LP<br/><br/>
910 ## - DATOS DE OPCIÓN DEL USUARIO (OCLC)
Datos de opción del usuario Lopérez
942 ## - ELEMENTOS DE PUNTO DE ACCESO ADICIONAL (KOHA)
Fuente del sistema de clasificación o colocación Dewey Decimal Classification
Tipo de ítem Koha Libro
Existencias
Estado de retiro Estado de pérdida Fuente del sistema de clasificación o colocación No para préstamo Código de colección Localización permanente Ubicación/localización actual Ubicación en estantería Fecha de adquisición Fuente de adquisición Total de préstamos Signatura topográfica completa Código de barras Fecha visto por última vez Precio válido a partir de Tipo de ítem Koha
    Dewey Decimal Classification Excluido de préstamo Patrimonio Dominicano Biblioteca Nacional Pedro Henríquez Ureña Patrimonio Dominicano Depósito 07.06.2021 Donación / CERTV   BNPHU PD 2021-1940 07.06.2021 07.06.2021 Libro y Folleto Colección Patrimonio Dominicano

Con tecnología Koha